| 000 | 00668nam a22002057a 4500 | ||
|---|---|---|---|
| 003 | OSt | ||
| 005 | 20251023021127.0 | ||
| 008 | 251023b |||||||| |||| 00| 0 eng d | ||
| 020 | _a978-971-0161-10-12 | ||
| 040 |
_aDWC-Main lib. _cOC |
||
| 082 | _aFil. 808.042 A259e 2012 | ||
| 100 | _aRustico M. Agcaoili Jr. | ||
| 245 |
_aEnhancing your writing and research skills _cRustico M. Agcaoili Jr. |
||
| 260 |
_aMalabon City, Phils. _b: Jimczyville Publications _c, c2012. |
||
| 300 |
_avi, 102 pages _c; 23 cm. |
||
| 504 | _aBibliography: pp. 101-102 | ||
| 650 | _aEnglish language--Rhetoric. | ||
| 650 | _a2. Report writing. | ||
| 942 |
_2ddc _cBK - FIL _kFil. _n0 |
||
| 999 |
_c5032 _d5032 |
||